000
00429nam a2200169Ia 4500
008
090122s9999 xx 000 0 und d
082
_b
9353
100
_a
राऊत
_b
उल्का
_c
-
245
_a
ऋतू-शैशव
260
_b
रोहन
_c
2000
300
_a
140
600
_a
राऊत
630
_a
ऋतू-शैशव
700
_a
राऊत
730
_a
ऋतू-शैशव
942
_c
BOOK
999
_c
33430
_d
33430